000 00351nam a2200145Ia 4500
003 OSt
008 191201s2013 xx 000 0 und d
082 _a621.3815
_bSAF
100 _aSAYED, Ali H
245 0 _aFundamentals of Adaptive Filtering
260 _aNew Delhi
_bWiley India
_c2013
300 _a1125
650 _aM.Tech (ECE)
942 _2ddc
_cBK
999 _c6689
_d6689